000
00262nam a2200097Ia 4500
082
_a
J 571.811789 MORG
245
0
_a
Frogs and other amphibians
100
_a
MORGAN, Sally London, 2003
_9
85528
942
_c
BK
008
210817s9999 xx 000 0 und d
999
_c
320030
_d
320029